| 000 | 00723nam a2200217 i 4500 | ||
|---|---|---|---|
| 001 | 53163 | ||
| 003 | ES-MaACL | ||
| 005 | 20250704062525.0 | ||
| 007 | t| | ||
| 008 | 950912s1855 fr ||||1| fre d | ||
| 040 |
_aCAM _bspa _cCAM |
||
| 100 | 1 |
_aDumas, Alexandre, _d1802-1870 _eaut _9241135 |
|
| 245 | 1 | 0 |
_aBernard _b: histoire pour les chasseurs / _cAlexandre Dumas; publié par Dufour et Mulat. |
| 260 |
_aParis : _bMarescq et Cie., _c1855 ( _fimp. Simon Racon & Cie.) |
||
| 300 |
_a16 p. : _bil. ; _c27 cm. |
||
| 490 | 1 | _aAlexandre Dumas illustré | |
| 830 | 0 |
_aAlexandre Dumas illustré _9230236 |
|
| 852 |
_aES-MaACL _jFol-Laf-31 _z.- Legado M. de la Fuente |
||
| 942 | _2udc | ||
| 999 |
_c53163 _d53163 |
||